000
00290nam a22001337a 4500
020
_a
978-0471124665
041
_a
ENG
100
_a
Roberson.J.A
245
_a
Hydraulic Engineering
260
_a
Mumbai
_b
Jaico Pub House
_c
1993
300
_a
662
650
_a
IDE
856
_u
IDE ( 18 )
999
_c
1498
_d
1498